| 000 | 00465nam a22001697a 4500 | ||
|---|---|---|---|
| 003 | BD-ChCU | ||
| 005 | 20260419084803.0 | ||
| 008 | 260419b bg ||||| |||| 00| 0 ben d | ||
| 040 | _cBD-ChCU | ||
| 082 | _a370 TIR | ||
| 100 |
_aTiedt , Siddney W. _921567 |
||
| 245 |
_aThe role of the federal government in education ./ _cSiddney W. Tiedt |
||
| 260 |
_aNew York : _bO.U.P. _cC 1966 |
||
| 300 | _ax , 243p. | ||
| 650 | 0 |
_aEducation . _921568 |
|
| 942 |
_2ddc _cBK _n0 |
||
| 999 |
_c112246 _d112246 |
||